Physical science for liberal arts students

Gardado en:
Detalles Bibliográficos
Autor Principal: Swenson, Hugo N.
Outros autores: Woods, J. Edmund
Formato: Libro
Idioma:inglés
Publicado: New York. John Wiley y Sons. c1957.
Subjects:
Tags: Engadir etiqueta
Sen Etiquetas, Sexa o primeiro en etiquetar este rexistro!

MARC

LEADER 00000nam a22000005a 4500
001 18533
003 CL-ChBUA
005 20120815103703.0
008 070301s1957 xxu 000 0 eng
040 |a CL-ChBUA  |c CL-ChBUA 
082 0 0 |a 530 
090 |c 18533  |d 18533 
100 1 |a Swenson, Hugo N. 
245 1 0 |a Physical science for liberal arts students 
260 |b John Wiley y Sons.  |a New York.  |c c1957. 
300 |a 331 p.: il.  |b 331 p.: il.  |c 26 cm. 
504 |a Indice. 
650 4 |a FISICA. 
700 1 |a Woods, J. Edmund. 
942 |c LIB 
952 |0 0  |1 0  |4 0  |7 0  |9 25547  |a UNACH  |b UNACH  |c 500  |d 2007-03-05  |i 5.323.  |l 0  |o 530 / Sw 974.  |p 26546  |r 2012-08-08 00:00:00  |u 25547  |w 2012-08-08  |y LIB  |k 530 / Sw 974. 
999 |c 18533  |d 18533